The global business environment : (Record no. 366560)
[ view plain ]
| 000 -LEADER | |
|---|---|
| fixed length control field | 02160nam a22002537a 4500 |
| 003 - CONTROL NUMBER IDENTIFIER | |
| control field | 0 |
| 005 - DATE AND TIME OF LATEST TRANSACTION | |
| control field | 20241015151638.0 |
| 008 - FIXED-LENGTH DATA ELEMENTS--GENERAL INFORMATION | |
| fixed length control field | 241015b xxu||||| |||| 00| 0 eng d |
| 020 ## - INTERNATIONAL STANDARD BOOK NUMBER | |
| International Standard Book Number | 9781350321748 |
| 050 ## - LIBRARY OF CONGRESS CALL NUMBER | |
| Classification number | HF 1359 |
| Item number | .M67 2023 |
| 100 ## - MAIN ENTRY--PERSONAL NAME | |
| Personal name | Morrison, Janet, |
| Relator term | author. |
| 245 ## - TITLE STATEMENT | |
| Title | The global business environment : |
| Remainder of title | sustainability in the balance / |
| Statement of responsibility, etc | Janet Morrison. |
| 250 ## - EDITION STATEMENT | |
| Edition statement | 6th ed. |
| 260 ## - PUBLICATION, DISTRIBUTION, ETC. (IMPRINT) | |
| Place of publication, distribution, etc | London : |
| Name of publisher, distributor, etc | Bloomsbury Academic, |
| Date of publication, distribution, etc | 2023. |
| 300 ## - PHYSICAL DESCRIPTION | |
| Extent | xlvi, 603 p. : |
| Other physical details | col. ill. ; |
| Dimensions | 28 cm. |
| 504 ## - BIBLIOGRAPHY, ETC. NOTE | |
| Bibliography, etc | Includes bibliographical references and index. |
| 520 ## - SUMMARY, ETC. | |
| Summary, etc | "This text challenges students to think critically about global issues that affect the business environment and provides them with a wealth of pedagogical features that help cement learning. Its coverage includes the economic, political, social, legal, cultural, technological and financial environments. The book is truly global in coverage, with case studies and examples from all over the world, including Afghanistan, China, Sweden and Thailand. It also has a strong focus on ethics, responsibilities and sustainability and what this means for business organizations. Janet Morrison's writing style makes difficult concepts easy to understand and its clarity makes it suitable for students with English as a second language. New to this edition: - The theme of uncertainty in global contexts, examining how best to assess and confront the challenges of uncertainties and risks in the differing dimensions of the business environment - A chapter on the worldwide pandemic and the global business environment - Increased coverage of FDI, industrial policy and global communication - New coverage relating to race relations and decolonising the curriculum - 10 new cases, making a total of 52 cases, with all other cases fully updated - A brand new decision-making feature linked to some of the cases studies"--Provided by publisher. |
| 650 ## - SUBJECT ADDED ENTRY--TOPICAL TERM | |
| Topical term or geographic name as entry element | International economic relations. |
| 650 ## - SUBJECT ADDED ENTRY--TOPICAL TERM | |
| Topical term or geographic name as entry element | International business enterprises. |
| 650 ## - SUBJECT ADDED ENTRY--TOPICAL TERM | |
| Topical term or geographic name as entry element | International trade. |
| 650 ## - SUBJECT ADDED ENTRY--TOPICAL TERM | |
| Topical term or geographic name as entry element | Globalization |
| Form subdivision | Economic aspects. |
| 650 ## - SUBJECT ADDED ENTRY--TOPICAL TERM | |
| Topical term or geographic name as entry element | Competition, International. |
| 942 ## - ADDED ENTRY ELEMENTS (KOHA) | |
| Source of classification or shelving scheme | Library of Congress Classification |
| Koha item type | Books |
| Withdrawn status | Lost status | Source of classification or shelving scheme | Damaged status | Home library | Current library | Shelving location | Date acquired | Source of acquisition | Sub Shelving location | Total Checkouts | Full call number | Barcode | Date last seen | Price effective from | Koha item type |
|---|---|---|---|---|---|---|---|---|---|---|---|---|---|---|---|
| Library of Congress Classification | College Library | College Library | Graduate Section | 10/15/2024 | Library Fund | HF 1359 .M67 2023 | C23575 | 10/15/2024 | 10/15/2024 | Books |